Хозяйственный механизм: основные направления перестройки

التفاصيل البيبلوغرافية
المؤلف الرئيسي: Простяков И. И. Игорь Игнатьевич
الملخص:Исключено из фонда НТБ ТПУ
اللغة:الروسية
منشور في: Москва, Экономика, 1986
سلاسل:XXVII съезд КПСС Экономика СССР. 1986-1990
التنسيق: MixedMaterials كتاب
KOHA link:https://koha.lib.tpu.ru/cgi-bin/koha/opac-detail.pl?biblionumber=266691

MARC

LEADER 00000nam0a2200000 4500
001 266691
005 20231031223602.0
020 |a RU  |b 86-88315 
035 |a (RuTPU)RU\TPU\book\289711 
090 |a 266691 
100 |a 20140714d1986 km y0rusy5003 ca 
101 0 |a rus 
102 |a RU 
105 |a y z 000zy 
200 1 |a Хозяйственный механизм: основные направления перестройки  |f И. И. Простяков 
210 |a Москва  |c Экономика  |d 1986 
215 |a 63 с. 
225 1 |a XXVII съезд КПСС  |a Экономика СССР. 1986-1990 
333 |a Исключено из фонда НТБ ТПУ 
700 1 |a Простяков  |b И. И.  |g Игорь Игнатьевич  |4 070 
801 0 |a RU  |b RuMRKP  |c 19950704  |g psbo 
801 1 |a RU  |b 63413507  |c 20140714 
801 2 |a RU  |b 63413507  |c 20220301  |g RCR 
942 |c BK